[Event "Biel GM"]
[Site "Biel"]
[Date "2006.07.25"]
[Round "2"]
[White "Carlsen, Magnus"]
[Black "Morozevich, Alexander"]
[Result "1-0"]
[WhiteElo "2675"]
[BlackElo "2731"]
[Annotator "Mikhalevski,Victor"]
[PlyCount "83"]
[EventDate "2006.07.24"]
[EventType "tourn"]
[EventRounds "10"]
[EventCountry "SUI"]
[EventCategory "17"]
[SourceTitle "CBM 114"]
[Source "ChessBase"]
[SourceDate "2006.10.02"]
[SourceVersion "1"]
[SourceVersionDate "2006.10.02"]
[SourceQuality "1"]

1. d4 Nf6 2. c4 g6 3. Nc3 Bg7 4. e4 d6 5. Nf3 O-O 6. Be2 e5 7. O-O Nc6 8. d5 Ne7 9. a4 {This is a rare line of the Classical system. White starts an offensive on the queenside without weakening the a1-h8 diagonal, which seems to be logical comparing to the Bayonet attack. However the line also has a drawback - White weakens the b4-square, which Black exploits by means of} a5 10. b3 $5 {[%cal Gb3b4,Gc1a3] Preparing a3 followed by b4. Curiously this idea was almost never being tested before.} ({Earlier White played mostly} 10. Ne1 Nd7 11. Nd3 f5 12. exf5 gxf5 13. Ra3 Ng6 14. Kh1 Rf7 15. f4 b6 16. Nb5 Nf6 17. fxe5 dxe5 18. Nf2 Bf8 19. Rb3 Bd7 20. Bg5 Bc5 21. Qb1 e4 22. Nh3 Be7 23. Qc1 $16 {Larsen,B-Gabriel,C, Bad Homburg 1998/CBM 66[Huzman].}) ({One recent game saw the immediate} 10. Ra3 {, which doesn't look too promising.} Nd7 11. Nh4 Nc5 12. g3 f5 13. exf5 Nxf5 14. Nxf5 Bxf5 $15 {0-1 Gonzalez Zamora,J-Dominguez Aguilar,G/Mexico City MEX 2006(49). and Black obtained a good position.}) 10... Nd7 11. Ba3 {Magnus is consistent in his plans.} ({A mix of two plans in the following game doesn't look convincing.} 11. Ne1 Nc5 12. Ba3 b6 13. b4 axb4 14. Bxb4 f5 15. f3 Bd7 16. a5 Na6 17. Ba3 bxa5 18. c5 (18. Nd3 $5 {[%cal Gc4c5] preparing c5.}) 18... Nxc5 19. Bxc5 dxc5 20. d6 cxd6 21. Qxd6 Bc6 $17 {Lehikoinen,P-Virtanen,A/Finland 2003. and White doesn't have sufficient compensation for the sacrificed material.} (21... Rf6 $5)) 11... Bh6 {[%csl Rg5][%cal Gf7f5] This idea is also typical for the Bayonet attack. Black takes control of the g5-square, which White could exploit in case of the immediate f5 playing g5, like in the game below.} ({In a fresh game Black tested} 11... f5 $6 12. Ng5 $1 Nf6 (12... Nc5 $5) 13. c5 $1 h6 14. cxd6 cxd6 15. Ne6 Bxe6 16. dxe6 $16 Nxe4 17. Nxe4 fxe4 18. Qxd6 Nf5 19. Qxd8 Rfxd8 20. e7 Rd7 21. Bb5 $18 {1-0 Oosterom,E-Nijs,N/Vlissingen NED 2006.}) 12. b4 axb4 13. Bxb4 {It's interesting that the same position arises in the Bayonet attack (9.b4) with an extra tempo since here White played first b3 and only then b4. So either Carlsen is so sure in this position even a tempo down or he's unfamiliar with this line of the Bayonet attack. The latter seems to me less likely.} f5 14. Nd2 {White supports the centre and sometimes brings the knight to b3 to prepare c5.} Kh8 {A useful prophylactic move. Black takes his king away from the a2-g8 diagonal to a safer square in the corner of the board.} 15. a5 $146 ({RR} 15. Bd3 Ng8 16. Qe2 Rf7 17. Nb5 Ndf6 18. exf5 gxf5 19. Bc2 Ne7 20. g3 Ng6 21. Bc3 c6 22. dxc6 bxc6 23. Na3 Bg7 24. Rab1 Nd7 25. Qf3 e4 26. Bxg7+ Kxg7 27. Qe3 Ba6 28. Qd4+ Qf6 29. Qxf6+ Rxf6 {Pogosian,G (2174)-Tukhvatullin,V (2296) Voronezh 2010 0-1 (48)}) 15... Rf7 {For those who are familiar with the similar line of the Bayonet attack all these ideas are well known. Black makes another useful move and leaves the knight on d7 for one more move in order to prevent c5.} 16. Nb5 {White not only activates his knight and creates some pressure on the queenside, but also frees the c3-square for the dark-squared bishop.} Nf6 {Black finds no useful moves anymore and attacks the centre. The move however has a serious drawback - Black allows c5.} 17. c5 dxc5 18. Bc3 $5 {[%csl Re5] Trying to exploit the weakness of the e5-pawn.This retreat in the Bayonet attack is a speciality of Vladimir Kramnik. Carlsen shows that he's familiar with this idea and thus refutes my earlier assumption that he's unfamiliar with this line of the Bayonet attack.} ({In case of} 18. Bxc5 {White has to be ready to sacrifice a piece after} Bxd2 19. Qxd2 Nxe4 20. Qb2 $1 {[%csl Re5] It's very difficult to find this move.} Nxc5 21. Qxe5+ Kg8 22. Nxc7 {and it turns out that White is slightly better. I.e.} Rb8 ({or} 22... Nd7 23. Qc3 Ra7 24. Rfd1 Nf6 25. d6 Nc6 26. Bc4 $16) 23. d6 (23. Rfb1 $5) 23... Ne4 24. dxe7 Qxe7 25. Qxe7 Rxe7 26. Bc4+ Kg7 27. Nd5 $14) 18... c6 19. dxc6 bxc6 $6 {After this inaccurate move Black will be unable to protect the e5-pawn and thus White obtains a serious initiative.} (19... Nxc6 $1 {was necessary and after} 20. Nc4 Rd7 21. Qc2 {Black sacrifices an exchange and gets serious compensation.} Nxe4 22. Nb6 Rb8 23. Nxd7 Bxd7 {[%cal Gc6d4] with d4 to follow. The resulting position is very complicated and both sides have their chances.}) 20. Na3 {[%cal Ga3c4] From here the knight is ready to jump to c4.} fxe4 $6 {Black wants the d5-square for his knights. However, Black had to distract the white pieces from the e5-pawn.} (20... Bxd2 $1 {I understand that exchanging the dark-squared bishop looks bad, but in this case it seems to be playable and even necessary. Sometimes concrete approach prevails on positional aspects of the position and this seems to be the case.} 21. Nc4 {[%csl Rd8] Exploiting the pin along the d-file.} (21. Bxd2 Nxe4 22. Bc3 $1 Qxd1 23. Bxe5+ Kg8 24. Rfxd1 Rxa5 25. f3 Ng5 26. Nc4 Rxa1 27. Rxa1 Nd5 28. Nd6 Rf8 29. Ra7 Ne6 {and Black should be able to hold the position.}) 21... Nxe4 22. Bxe5+ Kg8 23. f3 Qd5 $1 24. fxe4 Be3+ 25. Nxe3 Qxe5 26. Ng4 $3 fxg4 27. Qd8+ Kg7 28. Rxf7+ Kxf7 29. Rf1+ Nf5 30. Bc4+ Kg7 31. Qg8+ Kh6 32. exf5 gxf5 (32... Ba6 $2 33. Qxa8 Bxc4 34. Qf8+ Kg5 35. fxg6 $1 $18) 33. Kh1 $14 (33. Qf8+ Kg5 34. Kh1 Ba6 $1 35. Qxa8 Bxc4 36. Rg1 Bd5 37. Qd8+ Kg6 38. a6 Bxg2+ $1 39. Rxg2 Qe1+ 40. Rg1 Qe4+ 41. Rg2 $11)) 21. Nac4 $1 Ned5 22. Bxe5 Bg7 (22... Kg8 $5) 23. Nd6 Re7 24. N2c4 {White is only a pawn down, but all his minor pieces are nicely situated.} Be6 $2 {This is already a serious mistake. The a-pawn shouldn't be left unattended.} 25. a6 $1 {[%csl Ga6] The a-pawn goes forward immediatly.} (25. Qb3 {[%cal Gb3b2] with the idea of b2 also looked strong.}) 25... Nb4 $5 (25... Rea7 $2 {would be strongly met by} 26. Na5 $1 {[%csl Rc6]}) 26. Qc1 Nd3 $6 ({White's idea behind 26.Qc1 can be seen in the following line.} 26... Rxa6 27. Rxa6 Nxa6 28. Qa1 $1 {with a double attack on a6 and f6.} Ra7 29. f3 $1 e3 30. Nxe3 $16 {and White is clearly better.}) ({Probably Morozevich should have tried} 26... Nxa6 27. Qf4 Rea7) 27. Bxd3 exd3 28. Qc3 $6 {This seems to be an inaccuracy.} (28. Rd1 $5 {would be more precise.}) 28... Bxc4 $1 29. Qxc4 Qg8 $1 {Covering the f7-square.} 30. Qxc5 d2 (30... Rxe5 {would probably lead to a position similar to the game.} 31. Qxe5 Nd5 {[%csl Ra1,Re5]} 32. Qe1 Bxa1 33. Qxa1+ Qg7 34. Qa4 Qc7 35. Qd4+ Kg8 36. Ne4 Rxa6 37. Qxd3 $14 {[%csl Rg8] and White is better thanks to the vulnerability of the black king.}) 31. Rad1 $6 (31. Nc4 $1 {deserved serious attention.}) 31... Rxa6 $6 {Returning the favour.} (31... Qd5 $1 {was much better. However it was very difficult to spot the following idea.} 32. Qc3 Rxe5 $1 33. Qxe5 Rxa6 $1 {and it turns out that White can't win the d2-pawn.} 34. Qxd5 cxd5 35. Nf7+ Kg8 36. Ng5 Ra2 $11 {[%csl Gd2][%cal Gg7h6] with the idea of h6 and Black looks ok.}) 32. Rxd2 $16 {Now the unsecure position of the black king and activity of white pieces yield White chances for a win.} Nd5 33. Bxg7+ Rxg7 $6 (33... Kxg7 34. Qd4+ Nf6 {was better.}) 34. h3 $6 {Now it's White's turn to return a favour.} ({After} 34. Re2 $1 {it would be very difficult for Black to defend his king.} Re7 (34... Nc7 $5 35. Qe5 Ra8 $16 {is the only defense.}) 35. Rxe7 Nxe7 36. Ne8 $3 {[%csl Rh8]} Qxe8 37. Qc3+ Kg8 38. Qc4+ $18) 34... Qe6 $1 35. Rb1 $1 h6 $1 {Black finds only moves to stay in the game.} 36. Qc4 $1 Rb6 ({After} 36... Rga7 $1 {White would have to find} 37. Rdb2 $3 {and eventually a position with ++1 extra pawn on the kingside arises as well as it could happen in the game.} Ra1 (37... Qxd6 38. Rb8+ Kg7 39. R1b7+ Kf6 (39... Ne7 40. Rg8+ $1 Kf6 41. Rf8+ $1 {and mate on the next move.}) 40. Qd4+ Kg5 41. Rxa7 Rxa7 42. Qxa7 $18) 38. Qxc6 Rc7 39. Qe8+ Qxe8 40. Nxe8 Rc1+ 41. Rxc1 Rxc1+ 42. Kh2 $16) 37. Rxb6 Qe1+ 38. Kh2 Nxb6 $2 {The decisive mistake.} (38... Qxd2 {was necessary.} 39. Rxc6 Qf4+ 40. Qxf4 Nxf4 $16 {and Black still maintains chances for a draw.}) 39. Qf4 $1 {[%cal Gf4f8]} Nd5 $2 {Loses on the spot, however Black's position was already hopeless.} (39... Qe7 {against f8 was Black's best defense. Still after} 40. Qxh6+ Kg8 41. Qf4 Nd5 42. Qg3 $18 {White should be able to convert his extra pawn in a win.}) 40. Rxd5 $1 cxd5 41. Qf8+ Kh7 (41... Rg8 42. Qxh6#) 42. Ne8 {[%cal Ge8f6] A nice mating construction. Black can't prevent huge material losses and so he resigned. The line introduced by Carlsen deserves further tests.} 1-0

[Event "Biel GM"]
[Site "Biel"]
[Date "2006.07.26"]
[Round "3"]
[White "Radjabov, Teimour"]
[Black "Carlsen, Magnus"]
[Result "1/2-1/2"]
[WhiteElo "2728"]
[BlackElo "2675"]
[PlyCount "135"]
[EventDate "2006.07.24"]
[EventType "tourn"]
[EventRounds "10"]
[EventCountry "SUI"]
[EventCategory "17"]
[SourceTitle "CBM 114"]
[Source "ChessBase"]
[SourceDate "2006.10.02"]
[SourceVersion "1"]
[SourceVersionDate "2006.10.02"]
[SourceQuality "1"]

1. d4 Nf6 2. c4 c5 3. d5 b5 4. cxb5 a6 5. bxa6 g6 6. Nc3 Bxa6 7. Nf3 d6 8. g3 Bg7 9. Rb1 Nbd7 10. Bg2 O-O 11. b3 Qa5 12. Bd2 Bb7 13. O-O Qa6 14. e4 e6 15. dxe6 fxe6 16. Ng5 d5 17. exd5 $146 ({RR} 17. Re1 h6 18. Nh3 Nxe4 19. Nxe4 dxe4 20. Bxh6 Bxh6 21. Qxd7 Rf7 22. Qd1 e3 23. Bxb7 Qxb7 24. Qg4 Kh7 25. Rb2 Raf8 26. Rbe2 exf2+ 27. Rxf2 Rxf2 28. Nxf2 Bg7 29. Qh3+ Kg8 30. Qxe6+ Kh7 31. Re4 g5 {Milanovic,D (2464)-Pap,M (2399) Subotica 2005 1-0 (42)}) 17... exd5 18. Re1 Rae8 19. Rxe8 Rxe8 20. Qf1 h6 21. Qxa6 Bxa6 22. Nf3 d4 23. Na4 Ne4 24. Re1 Ndf6 25. Ba5 Bb5 26. Nb6 Nc3 27. Rxe8+ Bxe8 28. Bxc3 dxc3 29. Ne1 Ng4 30. h3 Ne5 31. Na4 Nd7 32. Kf1 Bd4 33. Bc6 Kf8 34. Ke2 g5 35. Nc2 Ke7 36. f3 Kd6 37. Bb5 Bg6 38. Bd3 Bf7 39. b4 Bxa2 40. bxc5+ Nxc5 41. Nxd4 Nxa4 42. Nf5+ Ke5 43. Nxh6 Nc5 44. Ke3 Bb3 45. Ng4+ Ke6 46. Nf2 Nxd3 47. Nxd3 Bd1 48. Nf2 c2 49. Nd3 Kf5 50. Nc1 Ke5 51. Nd3+ Kf5 52. g4+ Kf6 53. Nc1 Ke5 54. Na2 Kf6 55. f4 gxf4+ 56. Kxf4 Be2 57. h4 Kg6 58. Nc1 Bc4 59. Ke5 Ba6 60. Ke4 Bc8 61. Kf4 Ba6 62. Ke3 Bc8 63. g5 Kh5 64. Kd2 Bf5 65. Nb3 Kxh4 66. Nd4 Kxg5 67. Nxf5 Kxf5 68. Kxc2 1/2-1/2

[Event "Biel GM"]
[Site "Biel"]
[Date "2006.08.01"]
[Round "8"]
[White "Carlsen, Magnus"]
[Black "Radjabov, Teimour"]
[Result "1/2-1/2"]
[WhiteElo "2675"]
[BlackElo "2728"]
[Annotator "Mikhalevski,Victor"]
[PlyCount "59"]
[EventDate "2006.07.24"]
[EventType "tourn"]
[EventRounds "10"]
[EventCountry "SUI"]
[EventCategory "17"]
[SourceTitle "CBM 114"]
[Source "ChessBase"]
[SourceDate "2006.10.02"]
[SourceVersion "1"]
[SourceVersionDate "2006.10.02"]
[SourceQuality "1"]

1. d4 Nf6 2. c4 g6 3. Nc3 Bg7 4. e4 d6 5. Nf3 O-O 6. Be2 e5 7. O-O Nc6 8. d5 Ne7 9. Kh1 {Earlier in the tournament Carlsen introduced a new idea in the side line with 9.a4 against Morozevich, this time he comes with an even more rare continuation, which was a speciality of Miles.} Nd7 {[%cal Gd7c5,Gf7f5] Black prepares f5 and brings the knight to c5. What else can be more typical for the KID?} (9... Kh8) 10. g4 $5 Kh8 {Black frees the g8-square for the knight and moves the king away from the g-file and thus prepares f5.} (10... Nc5 {usually leads to transposition after} 11. Rg1 a5 12. Be3 Kh8) ({RR} 10... f5 11. gxf5 gxf5 12. Rg1 Kh8 13. Ng5 Nf6 14. exf5 Nxf5 15. Bd3 Qe7 16. Nce4 Nxe4 17. Bxe4 Qe8 18. Qg4 Rf6 19. Nxh7 Qf7 20. Nxf6 Qxf6 21. Qh5+ Kg8 22. Bg5 Qf7 23. Qh3 Kf8 24. Qh7 Bd7 25. Rg2 {Sarana,A (2717)-Drozdowski,K (2450) chess.com INT 2024 1-0}) ({RR} 10... a5 11. Rg1 Nc5 12. Rg2 Bd7 13. Rb1 c6 14. Be3 cxd5 15. cxd5 Qc8 16. Nd2 Kh8 17. f3 Qc7 18. Rc1 b6 19. Bb5 f5 20. gxf5 gxf5 21. Qg1 Rg8 22. Nc4 Rab8 23. Bxd7 Qxd7 24. Nb5 Nxd5 25. Nbxd6 {Hammari,V (2029)-Evenshaug,A (2239) Norway NOR 2025 1-0 (41)}) 11. Rg1 {White also prepares himself for opening of the g-file.} a5 {Securing the outpost of the knight on c5.} 12. Be3 Nc5 ({Black also tested} 12... b6 $6 {preparing c5.} 13. Qd2 (13. a3 $1 {with the idea to meet} Nc5 {by means of} 14. b4 {would be the most logical refutation of Black's slow play.}) 13... Nc5 14. Rg3 Bd7 15. Rag1 $14 {1-0 Lafuente,P-Fiorito,F/Mar del Plata 2001/CBM 081 ext (28)}) (12... Ng8 13. Qd2 Nc5 14. Ne1 f5 15. f3 fxg4 16. fxg4 $14 b6 $2 17. g5 $16 {1-0 Miles,A-Becerra Rivera,J, Capablanca mem 34th 1999/ CBM71 [Huzman].}) 13. Rc1 $146 {This turns out to be a novelty. Frankly speaking it's not easy to understand the idea behind this move. Probably White decided to keep all his plans open and made a useful move, taking his rook away from the a1-h8 diagonal.} ({Earlier White tested} 13. Qd2 Ng8 14. Rg3 b6 15. Rag1 {As you can see doubling of rooks along the g-file is a typical idea in this line, which is aimed against f5.} Nf6 16. Qc2 Bd7 17. Nd2 (17. Ne1 $5 {[%cal Ge1d3] Heading to d3.}) 17... c6 18. f3 (18. dxc6 $5 Bxc6 19. Rh3 $14) 18... Qc8 19. Qd1 Qb7 20. Qf1 Rab8 21. Qf2 Kg8 22. Rh3 Rfe8 23. Qh4 h5 24. dxc6 Qxc6 25. Nd5 $1 $16 {Tosic,M-Kolev,A/Vrnjacka Banja 1990. with a clear edge for White.}) (13. Ne1 f5 14. f3 fxe4 15. fxe4 c6 16. Nd3 cxd5 17. cxd5 b6 18. Nxc5 bxc5 19. Qd2 Rb8 20. Raf1 Bd7 21. Rxf8+ Qxf8 22. Rf1 Qc8 23. h3 $16 {Miles,A-Gheorghiu,F/Crans Montana 2001. and all Black's minor pieces are out of play.} (23. g5 $5 $16)) (13. a3 {[%cal Gb2b4] preparing b4 deserved serious attention. Now Black has either play} f5 {immediately.} ({or} 13... a4 {sacrificing a pawn and only after} 14. Bxc5 dxc5 15. Nxa4 b6 {[%cal Gf7f5] preparing f5.}) 14. gxf5 gxf5 15. Bxc5 dxc5 16. Bd3 $14 {with a slightly better position for White.}) ({RR} 13. Qd2 Ng8 14. Qc2 Bd7 15. Rg3 b6 16. Rag1 Nf6 17. Nd2 Qc8 18. Qd1 Kg8 19. Qf1 Ne8 20. f3 Qd8 21. b3 Bf6 22. g5 Bg7 23. Qc1 f6 24. h4 f5 25. exf5 Bxf5 26. Nde4 Qe7 27. Qd2 Bh8 {Raghunandan,K (2398)-Priyanka,K (2106) Abu Dhabi 2017 1-0 (39)}) ({RR} 13. Qd2 Ng8 14. Rg3 b6 15. Rag1 Nf6 16. Qc2 Bd7 17. Nd2 c6 18. f3 Qc8 19. Qd1 Qb7 20. Qf1 Rab8 21. Qf2 Kg8 22. Rh3 Rfe8 23. Qh4 h5 24. dxc6 Qxc6 25. Nd5 Nxd5 26. cxd5 Qc7 27. Bg5 b5 {Tosic,M (2375)-Kolev,A (2425) Vrnjacka Banja 1990 1-0 (56)}) 13... Bd7 14. b3 {White is ready to meet a4 with b4. The plan with a3 and b4 is not very dangerous for Black right now as a3 will be always met by means of a4 b4 b3.} Ng8 15. Nd2 {[%csl Ye4][%cal Ga2a3,Gb3b4,Gd2e4] Getting ready for f5 and at the same time covering the b3-square and thus preparing a3 and b4.} (15. a3 a4 16. b4 Nb3 17. Rb1 {would have been a double-edged idea as the knight is close to the d4-square and Black may always try to open the position by means of f5.}) 15... f6 $1 {[%cal Gg7h6] Black prepares the exchange of the dark-squared bishops by means of h6 and so the text is made in order to prevent g5.} 16. h4 f5 {[%csl Rh4] The waste of a tempo is not essential as h4 weakened the king.} ({Now} 16... Bh6 {can be met by means of} 17. g5) 17. g5 {White has to close the position this way since the h4-pawn was hanging.} Nxe4 $5 {Otherwise White plays f3 and stabilizes the position in the centre.} 18. Ndxe4 fxe4 19. Nxe4 Ne7 {[%csl Re3,Rh4][%cal Ge7f5] The knight comes to f5.} 20. Bg4 {This move connected with the following exchange is a risky idea. Probably all of this was caused by White's somewhat bit careless play in the early stages of the game.} (20. h5 $5 Nf5 21. Bd3 {deserved attention.}) 20... Nf5 21. Bxf5 Bxf5 {This allows White to consolidate the position.} (21... gxf5 $5 {looks like an interesting attempt to play for a win.} 22. Qh5 $1 (22. Nc3 f4 23. Bd2 f3 $1 24. Rg3 h5 $1 25. Rxf3 (25. gxh6 $2 Qxh4+ 26. Kg1 Bxh6 $19) 25... Bg4 26. Rxf8+ Qxf8 $36 {with a strong initiative.}) (22. Nf6 $2 f4 $1 23. Bd2 Bxf6 24. gxf6 Qxf6 $19) 22... f4 $1 (22... fxe4 $4 23. g6 $18) (22... Be8 23. g6 Bxg6 24. Rxg6 fxe4 25. Rg2 (25. Rcg1 Qe8 $1) (25. Rg3 Rf3 $1) 25... Qf6 26. Rcg1 Rf7 27. Rg3 $1 {with the idea of g4 looks good for White.}) 23. Bd2 Bf5 24. Qf3 (24. Rce1 $5 Bg6 25. Qf3 Qe8) 24... Qe8 {[%cal Gf5g6,Ga5a4,Gb7b5] with a complicated position in which Black looks at least not worse.}) 22. f3 Qd7 23. Rg3 $1 {[%csl Rh3] Covering the h3-square.} Rf7 (23... Bxe4 24. fxe4 Rf4 {is hardly a good idea to play for a win.} 25. Bxf4 exf4 26. Qg4 Qe7 27. Rf3 Be5 28. Rcf1 $16 {and then h3 with h5 to follow.}) 24. Kg2 b6 25. Qe2 Raf8 26. Rh1 Kg8 27. a3 Rb8 {[%cal Gb6b5] Preparing b5. So} 28. a4 Rbf8 29. Qd1 Rb8 30. Qd3 {Neither side can make progress and so a draw was agreed. An interesting game, which however leaves many questions open. Hopefully we'll see more games on the subject.} 1/2-1/2

[Event "Amsterdam NH Hotels 1st"]
[Site "Amsterdam"]
[Date "2006.08.22"]
[Round "4"]
[White "Beliavsky, Alexander G"]
[Black "Carlsen, Magnus"]
[Result "1/2-1/2"]
[WhiteElo "2625"]
[BlackElo "2675"]
[PlyCount "35"]
[EventDate "2006.08.19"]
[EventType "schev"]
[EventRounds "10"]
[EventCountry "NED"]
[SourceTitle "CBM 114"]
[Source "ChessBase"]
[SourceDate "2006.10.02"]
[SourceVersion "1"]
[SourceVersionDate "2006.10.02"]
[SourceQuality "1"]

1. d4 Nf6 2. c4 e6 3. Nc3 Bb4 4. e3 O-O 5. Bd3 d5 6. Nf3 c5 7. O-O dxc4 8. Bxc4 Nbd7 9. a3 Ba5 10. Bd2 ({RR} 10. Nb5 cxd4 11. Qxd4 Bb6 12. Qh4 Ne8 13. Qxd8 Bxd8 14. Bd2 a6 15. Nbd4 Nd6 16. Ba2 Ne4 17. Bb4 Re8 18. Rfd1 b6 19. Rac1 Bf6 20. h3 Ndc5 21. Nh2 a5 22. Be1 Ba6 23. Ng4 Be7 24. Ne5 Bf6 {Aleksandrov,A (2659)-Adams,M (2740) Mallorca 2004 ½-½}) ({RR} 10. Qd3 a6 11. dxc5 Nxc5 12. Qxd8 Bxd8 13. b4 Nce4 14. Nxe4 Nxe4 15. Bb2 b5 16. Bd3 Bb7 17. Rfc1 Bd5 18. Ne5 f6 19. Nc6 Nd2 20. Rc2 Nc4 21. Nxd8 Rfxd8 22. Bd4 e5 23. Bc5 e4 24. Be2 Ne5 {Beliavsky,A (2646)-Kotronias,V (2603) Gibraltar 2009 1-0 (53)}) 10... b6 ({RR} 10... cxd4 11. exd4 a6 12. b4 Bc7 13. Bb3 b5 14. Bg5 h6 15. Bh4 g5 16. Bg3 Bb7 17. d5 Bxd5 18. Nxd5 Nxd5 19. Bxd5 exd5 20. Qxd5 Ne5 21. Rfd1 Qxd5 22. Rxd5 Nxf3+ 23. gxf3 Rfd8 24. Rf5 Bb6 25. a4 {Shen,F (2153)-Xu,Y (2515) Daqing CHN 2025 ½-½ (40)}) 11. Qb1 $146 ({RR} 11. Qe2 Bb7 12. Rad1 a6 13. dxc5 bxc5 14. Ba2 Qc7 15. Rc1 Bc6 16. Nb1 Rab8 17. b4 Ng4 18. Rfd1 Bxf3 19. Qxf3 Qxh2+ 20. Kf1 Qh4 21. g3 Qh5 22. Ke2 Nde5 23. Rxc5 Rb5 24. Rxe5 Rxe5 25. Rh1 Qg6 {Del Rio de Angelis,S (2517)-Guerrero Vargas,A (2303) Linares 2014 0-1 (41)}) 11... Bxc3 12. Bxc3 Bb7 13. Rd1 Qc7 14. dxc5 Qxc5 15. Be2 Rfd8 16. Qd3 Qf8 17. Qc4 Ne4 18. Bb4 1/2-1/2